LEADER 01530nam a2200301 4500 001 000000352083 003 CaOOAMICUS 005 20221103083629.0 008 221103s1739 it a 000 u ita r 026 $eloe, o.mo a.la ILto (3) 1739 (R) 040 $aSeMil$bita 041 $aita$alat 100 11$aFrancesco : d'Assisi,$c.$0(OLS)http://semarc/name/18131 245 10$aRegola e testamento del serafico padre s. Francesco con le constituzioni de' frati Minori cappuccini approvate dalla sac. Congregazione de' vescovi, e regolari ... 264 1$aIn Roma :$bNella Stamperia della Reverenda Camera Apostolica,$c1739. 300 $a116 p. ;$c4° 500 $aVignetta xilogr. (s. Francesco) a p. 7 500 $aIniziali e testatine xilogr. 500 $aSegn.: A-O? Pē 500 $aEmblema dei Francescani xilogr. sul front 650 4$aFrancescani - Regole e costituzioni.$0(OLS)http://semarc/subject/52986 710 2 $aStamperia Camerale$b.$0(OLS)http://semarc/name/4421 850 $aSeMil 852 $aSeMil$W1$xVenegono$y1$m3Z IV 44 FA$j235114$B243268$CSeMilBibl$Z2$F243268 $8I 941 1 $a10 996 $6245$aRegola e testamento del serafico padre s. Francesco con le constituzioni de' frati Minori cappuccini approvate dalla sac. Congregazione de' vescovi, e regolari ...$9(OLS)http://semarc/title/441873 996 $6264$aIn Roma :$bNella Stamperia della Reverenda Camera Apostolica$9(OLS)http://semarc/publisher/60703 LEADER 01146nam a2200241 i 4500 001 000000038911 003 CaOOAMICUS 005 20071210000000.0 008 071210s1981 it u000 u ita u 013 $a9524 040 $aSeMil$bita 100 1 $aIannucci, Antonio .$0(OLS)http://semarc/name/18765 245 12$aA quindici anni dal Concilio :$bcambiamento o aggiornamento della Chiesa? /$cmons. Antonio Iannucci, vescovo di Penne-Pescara propone queste riflessioni alla Chiesa diocesana in preparazione alla Pasqua del 1981. 260 $a[S.l. :$bs.n.],$c1981$e(Montesilvano :$fTipolitografia Superstampa,$g1981) 300 $a68 p. ;$c23 cm. 500 $aFondo Card. Giovanni Colombo. 650 4$aPasqua - Pastorale.$0(OLS)http://semarc/subject/7971 850 $aSeMil 852 $aSeMil$W1$xVenegono$y1$m5D VII 16/2$j5066$B5066$CSeMilBibl$Z2$F5066 $81 941 1 $a3 961 $aLascito: Colombo Card. Giovanni 996 $6245$aA quindici anni dal Concilio :$bcambiamento o aggiornamento della Chiesa?$9(OLS)http://semarc/title/55144 996 $6260$a[S.l. :$bs.n.]$9(OLS)http://semarc/publisher/29751